Évènement sportif par année - Statistiques

Statistiques générales
  • Ce quiz a été pris 309 fois
  • Le résultat moyen est 7 sur 15
Statistiques - réponses
Hint Réponse % Correct
L'Olympique de Marseille remporte la LDC 1993
88%
L'Uruguay remporte la première coupe du monde de football 1930
83%
Roger Federer annonce sa retraite 2022
70%
Yannick Noah remporte le tournoi de Roland-Garros 1983
58%
Premier tournoi de Wimbledon messieurs 1877
54%
Michael Jordan remporte son premier titre MVP 1988
51%
Le Tournois des Cinq-Nations devient le Six-Nations 2000
49%
La NBA est née 1946
45%
Mohamed Ali vs George Foreman à Kinshasa 1974
42%
Drame du Heysel 1985
36%
Melbourne organise les Jeux Olympiques 1956
32%
Dick Fosbury invente le Fosbury-flop au saut en hauteur 1968
31%
L'équipe masculine et féminine de Volleyball d'Italie remportent chacune l'Euro de Volley 2021
31%
River Plate vs Boca Juniors en finale de Copa Libertadores 2018
25%
Le premier Superbowl prend place 1966
22%
Aucun quiz correspondant
Distribution des résultats
% des personnes avec chaque résultat
Percentile par nombre de réponses
Votre historique - résultats
Vous n’avez pas pris ce quiz